00459nam a2200157Ia 4500008004100000020001500041082001600056100001700072245005100089250000800140260003800148300002500186500001900211600002100230650005000251240925s9999 xx 000 0 und d a8178082578 a005.133 BRA aBratko, Ivan 0aProlog Programming for Artificial Intellignce  a3rd aSingapore:bPearson educationcNA a441p.bNAfPhotocopy aIncludes Index aComputer Science aComputer science, information & general works